000 00297nam a22001097a 4500
008 170124b xxu||||| |||| 00| 0 eng d
020 _a1435439893x
041 _aeng
080 _a618.2
245 _aCASE STUDIES IN MEDICAL-SURGICAL PHARMACOLOGICAL PSYCHIATRIC NURSING
_cANKER, G.M
942 _2udc
_cBK
999 _c3471
_d3471